000 00844nam a2200205 i 4500
001 27131
003 ES-MaACL
005 20251002195537.0
007 t|
008 030113s1914 fr ||||1| fre d
100 1 _aAvril de Sainte-Croix , Ghénia (
_d1855-1939)
_924091
245 1 0 _aOeuvres et institutions féminines :
_bdroits des femmes / Dixième congrès international des femmes... le 2 juin 1913 ; inauguré par M. Klotz,... ; compte rendu des travaux par Mme Avril de Sainte-Croix.
260 _aParís :
_bV. Giard et E. Brière,
_c1914 (
_fImp. Charaire)
300 _a590 p. ;
_c25 cm.
650 0 4 _aMujeres-
_xDerechos
_915263
700 1 _aKlotz, Lucien,
_d1868-1930
_9164325
711 2 _aCongrès International des Femmes (
_n10º.
_d1913.
_cParis)
_9164326
852 _aES-MaACL
_jF-9376
999 _c27131
_d27131